[Event "EU-ch Seniors 06th"]
[Site "Davos"]
[Date "2006.08.12"]
[Round "8"]
[White "Svenske, Jan"]
[Black "Khasin, Gennady"]
[Result "1/2-1/2"]
[WhiteElo "1742"]
[BlackElo "2011"]
[PlyCount "194"]
[EventDate "2006.08.05"]
[EventType "swiss"]
[EventRounds "9"]
[EventCountry "SUI"]
[SourceTitle "CBM 113 Extra"]
[Source "ChessBase"]
[SourceDate "2006.09.14"]
[SourceVersion "1"]
[SourceVersionDate "2006.09.14"]
[SourceQuality "1"]

1. e4 e5 2. Nf3 d6 3. d4 Nd7 4. c4 Ngf6 5. Nc3 Be7 6. h3 c6 7. Be3 0-0 8. Rc1 Qc7 9. Bd3 exd4 10. Bxd4 Ne5 11. Be2 Be6 12. b3 h6 13. 0-0 Rad8 14. Be3 Ng6 15. Nd4 Bd7 16. f4 a6 17. Bf3 Rfe8 18. Qe1 c5 19. Nf5 Bf8 20. Qf2 Bc6 21. Qc2 b5 22. cxb5 axb5 23. Rce1 Qb7 24. Ng3 b4 25. Nb1 Nxe4 26. Nxe4 Bxe4 27. Bxe4 Rxe4 28. Nd2 Ree8 29. Nf3 Ne7 30. Bc1 Nd5 31. Bd2 Nf6 32. Kh2 Re4 33. Rxe4 Qxe4 34. Qxe4 Nxe4 35. Bc1 Ra8 36. Re1 Nc3 37. f5 Nxa2 38. Bf4 Nc3 39. Nd2 Nd5 40. Bg3 Nf6 41. Nc4 Re8 42. Ra1 d5 43. Nb6 Ne4 44. Bf4 Bd6 45. Bxd6 Nxd6 46. Nxd5 Nxf5 47. Ra5 Ne3 48. Nb6 Re6 49. Nd7 g6 50. Rxc5 Nf1+ 51. Kg1 Nd2 52. Rb5 Rd6 53. Ne5 Re6 54. Nd3 Re3 55. Nxb4 Rxb3 56. Rb8+ Kg7 57. Nc6 Rxb8 58. Nxb8 f5 59. Nd7 Ne4 60. Kf1 Nf6 61. Ne5 g5 62. Ke2 Nd5 63. g3 h5 64. Kf3 Kf6 65. Nd3 g4+ 66. hxg4 hxg4+ 67. Kf2 Ke6 68. Ke2 Kd6 69. Kd2 Nf6 70. Ke3 Nh5 71. Kf2 Kd5 72. Ne1 Ke4 73. Nc2 Nf6 74. Ke2 Nd5 75. Ne1 Nb4 76. Kd2 Nc6 77. Ke2 Nd4+ 78. Kf2 Nb3 79. Ng2 Nc1 80. Nh4 Nd3+ 81. Ke2 Ne5 82. Ng2 Nf3 83. Kf2 Ng5 84. Ne1 Ke5 85. Nd3+ Kd4 86. Nf4 Ne4+ 87. Kg2 Ke3 88. Nd5+ Ke2 89. Nf4+ Kd2 90. Nd5 Ke1 91. Nf4 Nf2 92. Nd5 Nd1 93. Nf4 Kd2 94. Ne6 Ne3+ 95. Kf2 Nd5 96. Nd4 Ne7 97. Ne6 Kd3 1/2-1/2

[Event "EU-ch Seniors 06th"]
[Site "Davos"]
[Date "2006.08.08"]
[Round "4"]
[White "Khasin, Gennady"]
[Black "Fomina, Tatyana"]
[Result "1/2-1/2"]
[WhiteElo "2011"]
[BlackElo "2220"]
[PlyCount "110"]
[EventDate "2006.08.05"]
[EventType "swiss"]
[EventRounds "9"]
[EventCountry "SUI"]
[SourceTitle "CBM 113 Extra"]
[Source "ChessBase"]
[SourceDate "2006.09.14"]
[SourceVersion "1"]
[SourceVersionDate "2006.09.14"]
[SourceQuality "1"]

1. e4 c5 2. c3 e6 3. d4 d5 4. e5 b6 5. Bd3 Qd7 6. Nf3 Ba6 7. 0-0 Bxd3 8. Qxd3 Ne7 9. Na3 h5 10. Nc2 g6 11. Bg5 Bh6 12. Bxh6 Rxh6 13. dxc5 bxc5 14. Qe3 Nf5 15. Qxc5 Nc6 16. Ne3 Rc8 17. Nxf5 gxf5 18. Qe3 Rg6 19. Rfe1 Qe7 20. Rad1 h4 21. h3 Kd7 22. c4 Rcg8 23. cxd5 exd5 24. Qd3 Ke8 25. Qxd5 Nd8 26. Nxh4 Rg5 27. Qb5+ Kf8 28. Qd7 Ne6 29. Qxe7+ Kxe7 30. Kh2 f4 31. g4 fxg3+ 32. fxg3 Rb8 33. Rd2 Rb5 34. Nf3 Rg8 35. b3 a5 36. Nd4 Nxd4 37. Rxd4 Rg5 38. Rde4 Ke6 39. h4 Rf5 40. R1e2 Rd5 41. Kg2 Rh5 42. Kh3 Rd1 43. g4 Rh1+ 44. Rh2 Rxh4+ 45. Kxh4 Rxh2+ 46. Kg3 Rxa2 47. Re3 Ra3 48. Rf3 Ke7 49. Kf4 a4 50. bxa4 Rxa4+ 51. Kf5 Kf8 52. Rb3 Kg7 53. Rb7 Ra6 54. Rd7 Rb6 55. g5 Ra6 1/2-1/2

[Event "EU-ch Seniors 06th"]
[Site "Davos"]
[Date "2006.08.06"]
[Round "2"]
[White "Khasin, Gennady"]
[Black "Vucenovic, Dragomir"]
[Result "0-1"]
[WhiteElo "2011"]
[BlackElo "2288"]
[PlyCount "100"]
[EventDate "2006.08.05"]
[EventType "swiss"]
[EventRounds "9"]
[EventCountry "SUI"]
[SourceTitle "CBM 113 Extra"]
[Source "ChessBase"]
[SourceDate "2006.09.14"]
[SourceVersion "1"]
[SourceVersionDate "2006.09.14"]
[SourceQuality "1"]

1. e4 c5 2. c3 Nf6 3. e5 Nd5 4. d4 e6 5. Nf3 d6 6. Bb5+ Bd7 7. Bxd7+ Nxd7 8. 0-0 cxd4 9. Qxd4 dxe5 10. Nxe5 Nxe5 11. Qxe5 Qd6 12. Qxd6 Bxd6 13. Nd2 0-0-0 14. Ne4 Bc7 15. a3 h6 16. c4 Nb6 17. b3 Rd4 18. Re1 e5 19. Bb2 Rdd8 20. Rad1 Rhe8 21. c5 Nd5 22. Nd6+ Bxd6 23. Rxd5 Bc7 24. Red1 Rxd5 25. Rxd5 Rd8 26. Rxd8+ Kxd8 27. f4 e4 28. Kf2 Bxf4 29. g3 Bg5 30. Bxg7 Bc1 31. a4 h5 32. Bd4 Kd7 33. c6+ Kxc6 34. Bxa7 b6 35. Bb8 Kc5 36. Bc7 Bd2 37. h3 f5 38. Bd8 Bc3 39. Be7+ Kd5 40. Ke2 Be5 41. Bd8 Kc5 42. Kf2 Bd4+ 43. Ke2 Kb4 44. Bc7 Kxb3 45. a5 bxa5 46. Bxa5 Be5 47. Kf2 Kc4 48. Bd2 Kd3 49. Bg5 Bd4+ 50. Ke1 e3 0-1